000 00773nam a2200253Ia 4500
003 OSt
005 20220925212621.0
006 a|||||r|||| 00| 0
007 ta
008 220923b |||||||| |||| 00| 0 eng d
020 _ceuro 3000
037 _b405, 16/10/1987, SBD
_cGeneral Book
040 _aRTL
_cRTL
_beng
041 _2eng
_aeng
082 _aU475:(Y7).3.N8, M7
100 _aJackson Peter Ed.
_9276639
245 0 _aRace and racism
_b Essays in social geography
260 _aLondon
_bAllen and Unwin U K
_c1987
300 _a356p
_ccm.
500 _aBibliography Chapterwise
650 _aHuman Geography
_91464
942 _hU475:(Y7).3.N8, M7
_cGB
_2CC
999 _c560815
_d560815